| 000 -LEADER |
| fixed length control field |
01122nam a22001577a 4500 |
| 008 - FIXED-LENGTH DATA ELEMENTS--GENERAL INFORMATION |
| fixed length control field |
221216b ||||| |||| 00| 0 eng d |
| 100 ## - MAIN ENTRY--PERSONAL NAME |
| Personal name |
Mortimer, Sarah |
| 245 ## - TITLE STATEMENT |
| Title |
Warfare, Christianity, and the law of nature |
| 260 ## - PUBLICATION, DISTRIBUTION, ETC. (IMPRINT) |
| Place of publication, distribution, etc |
Journal of the History of Ideas |
| 300 ## - PHYSICAL DESCRIPTION |
| Extent |
83(4), Oct, 2022: p.613-628 |
| 520 ## - SUMMARY, ETC. |
| Summary, etc |
Early modern efforts to justify warfare entailed serious reflection on the relationship between Christianity and nature or natural law. Those working in a Thomist tradition could draw on a concept of natural law as an ethical system distinct from Christianity; others rejected that concept, working instead to show that warfare could form part of the duties of Christians. All sides recognized the tension between the words of Christ and the demands of human political life, especially when it came to defending military activity. That tension produced creative discussions of natural law, political thought, and theology, in the universities and beyond.-Reproduced |
| 650 ## - SUBJECT ADDED ENTRY--TOPICAL TERM |
| Topical term or geographic name as entry element |
Christianity, Warfare |
| 9 (RLIN) |
36315 |
| 773 ## - HOST ITEM ENTRY |
| Main entry heading |
Journal of the History of Ideas |
| 906 ## - LOCAL DATA ELEMENT F, LDF (RLIN) |
| Subject DIP |
RELIGION |
| 942 ## - ADDED ENTRY ELEMENTS (KOHA) |
| Item type |
Articles |